Bioquímica /
Guardado en:
| Autor Principal: | |
|---|---|
| Otros Autores: | |
| Formato: | Libro |
| Publicado: |
Buenos Aires :
Médica Panamericana,
2006
|
| Edición: | 3a. ed. |
| Materias: | |
| Etiquetas: |
Agregar Etiqueta
Sin Etiquetas, Sea el primero en etiquetar este registro!
|
| LEADER | 00893nam a22002295a 4500 | ||
|---|---|---|---|
| 001 | CEM.cems017476 | ||
| 005 | 20130904100125.0 | ||
| 008 | 130507s2006##################000#0#####d | ||
| 003 | CEMS | ||
| 020 | |a 9789500623018 | ||
| 082 | 0 | 4 | |a 574.19 |
| 100 | 1 | |a Voet, Donald | |
| 245 | 1 | 0 | |a Bioquímica / |c Donald Voet y Judith Voet |
| 250 | |a 3a. ed. | ||
| 260 | |a Buenos Aires : |b Médica Panamericana, |c 2006 | ||
| 300 | |a 1776 p. + 1 CD-ROM | ||
| 500 | |a Acompaña a esta edición Biochemical Interactions [cd-rom] | ||
| 505 | 0 | |a Introducción y generalidades -- Biomoléculas -- Mecanismos de acción de enzimas -- Metabolismo -- Expresión y transmisión de la información de la información genética | |
| 653 | |a Bioquímica | ||
| 700 | 1 | |a Voet, Judith G. | |
| 859 | |a CEMS |b BIB. CEMS - Agricultura |h 574.19 |i V858a3 |p A1261.11 |t Ej.1 | ||
| 859 | |a CEMS |b BIB. CEMS - Agricultura |h 574.19 |i V858a3 |p A1262.11 |t Ej.2 | ||
